| 000 | 00746nmm a2200229Ia 4500 | ||
|---|---|---|---|
| 008 | 251105s9999||||xx |||||||||||||||||und|| | ||
| 020 | _a9789587411850 | ||
| 041 | _aspa | ||
| 100 | _aLombana Coy, Jahir (Editor) | ||
| 245 | 0 |
_aNegocios internacionales : _b Fundamentos y estrategias |
|
| 264 |
_a[Bogotá, Colombia] : _bUniversidad del Norte, _c2011 |
||
| 300 | _a229 páginas | ||
| 650 | _aEconomics and Business | ||
| 700 | _aLombana Coy, Jahir (Editor) | ||
| 700 | 1 | _a Rozas Gutiérrez, Silvia | |
| 700 | 1 | _a Corredor Velandia, César | |
| 700 | 1 | _a Silva Guerra, Harold | |
| 700 | 1 | _a Castellanos Ramírez, Andrés | |
| 700 | 1 | _a González Ortiz, Jaime | |
| 856 | _uhttps://public.digitaliapublishing.com/a/13674 | ||
| 942 | _cCF | ||
| 999 |
_c67946 _d67946 |
||